000 00472nam a2200193Ia 4500
005 20240823053811.0
008 240823s9999||||xx |||||||||||||| ||und||
020 _a978-93-82563-81-5
041 _aENGLISH
082 _A152.4 Q3
100 _aDaniel Goleman.
245 0 _aWorking with Emotional Intelligence
250 _a1st
260 _c2013
_b"Bloomsbury,U K"
500 _aYES
650 _aEmotional Intelligence
_bGeneral
942 _cBK
999 _c224986
_d224986